| 000 | 00480nam a2200205Ia 4500 | ||
|---|---|---|---|
| 003 | OSt | ||
| 005 | 20230403145043.0 | ||
| 008 | 210423s2009 xx 000 0 und d | ||
| 020 | _a9780415482882 | ||
| 040 | _cAL | ||
| 041 | _aeng | ||
| 082 | _a173 RUSB | ||
| 100 |
_aRUSSELL (Bertrand). _982678 |
||
| 245 | _aMarriage and morals. | ||
| 260 |
_aLondon _bRoutledge _c2009 |
||
| 300 |
_avi,195 _bPB |
||
| 365 |
_b225 _cINR |
||
| 906 | _aMarriage ; morals. | ||
| 942 |
_2ddc _cBK |
||
| 999 |
_c158002 _d158002 |
||